Структура сварных соединений наноструктурированного титана, полученных методом контактной сварки; Перспективы развития фундаментальных наук

Detalles Bibliográficos
Parent link:Перспективы развития фундаментальных наук.— 2015.— [С. 1131-1133]
Autor Principal: Чумаевский А. В.
Autor Corporativo: Национальный исследовательский Томский политехнический университет (ТПУ) Институт неразрушающего контроля (ИНК) Кафедра оборудования и технологии сварочного производства (ОТСП)
Outros autores: Клопотов А. А. (научный руководитель), Гнюсов С. Ф. Сергей Фёдорович, Клименов В. А. Василий Александрович
Summary:Заглавие с экрана
The paper presents the research of the weld structure of two Ti specimens of the type VT6 having nano- and submicrocrystalline structures. Electrical contact welding is used to obtain welds. The acicular structure is formed in the weld area. Two types of defects are detected, namely micropores and microcracks.
Idioma:ruso
Publicado: 2015
Series:Наноматериалы и нанотехнологии
Subjects:
Acceso en liña:http://earchive.tpu.ru/handle/11683/19088
http://www.lib.tpu.ru/fulltext/c/2015/C21/360.pdf
Formato: Electrónico Capítulo de libro
KOHA link:https://koha.lib.tpu.ru/cgi-bin/koha/opac-detail.pl?biblionumber=613199

MARC

LEADER 00000naa2a2200000 4500
001 613199
005 20260519124806.0
035 |a (RuTPU)RU\TPU\conf\11331 
035 |a RU\TPU\conf\11328 
090 |a 613199 
100 |a 20150708d2015 k y0rusy50 ca 
101 0 |a rus 
102 |a RU 
135 |a drcn ---uucaa 
181 0 |a i  
182 0 |a b 
200 1 |a Структура сварных соединений наноструктурированного титана, полученных методом контактной сварки  |d Structure of welded connection nanostructured titanium obtained by contact welding  |f А. В. Чумаевский, А. А. Клопотов, С. Ф. Гнюсов  |g науч. рук. В. А. Клименов 
203 |a Текст  |c электронный 
215 |a 1 файл(961 Кб) 
225 1 |a Наноматериалы и нанотехнологии 
300 |a Заглавие с экрана 
320 |a [Библиогр.: с. 1133 (5 назв.)] 
330 |a The paper presents the research of the weld structure of two Ti specimens of the type VT6 having nano- and submicrocrystalline structures. Electrical contact welding is used to obtain welds. The acicular structure is formed in the weld area. Two types of defects are detected, namely micropores and microcracks. 
337 |a Adobe Reader 
463 1 |0 (RuTPU)RU\TPU\conf\10376  |t Перспективы развития фундаментальных наук  |l Prospects of fundamental sciences development  |o сборник научных трудов XII Международной конференция студентов и молодых ученых, г. Томск, 21-24 апреля 2015 г.  |f Национальный исследовательский Томский политехнический университет (ТПУ) ; Национальный исследовательский Томский государственный университет (ТГУ) ; Томский государственный архитектурно-строительный университет (ТГАСУ) ; Томский государственный университет систем управления и радиоэлектроники (ТУСУР) ; ред. кол. И. А. Курзина ; Г. А. Воронова ; С. А. Поробова  |v [С. 1131-1133]  |d 2015 
510 1 |a Structure of welded connection nanostructured titanium obtained by contact welding  |z eng 
610 1 |a электронный ресурс 
610 1 |a труды учёных ТПУ 
610 1 |a сварные соединения 
610 1 |a наноструктурированный титан 
610 1 |a контактная сварка 
700 1 |a Чумаевский  |b А. В. 
701 1 |a Клопотов  |b А. А. 
701 1 |a Гнюсов  |b С. Ф.  |c специалист в области машиностроения  |c профессор Томского политехнического университета, доктор технических наук  |f 1960-  |g Сергей Фёдорович  |3 (RuTPU)RU\TPU\pers\26508 
702 1 |a Клименов  |b В. А.  |c специалист в области неразрушающего контроля  |c профессор Томского политехнического университета, доктор технических наук  |c проректор-директор Института неразрушающего контроля Томского политехнического университета  |f 1951-  |g Василий Александрович  |4 727 
712 0 2 |a Национальный исследовательский Томский политехнический университет (ТПУ)  |b Институт неразрушающего контроля (ИНК)  |b Кафедра оборудования и технологии сварочного производства (ОТСП)  |3 (RuTPU)RU\TPU\col\18708 
801 1 |a RU  |b 63413507  |c 20101016 
801 2 |a RU  |b 63413507  |c 20210128  |g RCR 
856 4 |u http://earchive.tpu.ru/handle/11683/19088 
856 4 |u http://www.lib.tpu.ru/fulltext/c/2015/C21/360.pdf 
942 |c BK